| 000 | 00349nam a2200145Ia 4500 | ||
|---|---|---|---|
| 008 | 150201s2007 xx 000 0 und d | ||
| 082 |
_a615.8 _bP07S |
||
| 100 | _aSULLIVAN , SUSAN B.O. | ||
| 245 | _aPHYSICAL REHABILITATION | ||
| 250 | _a5TH | ||
| 260 |
_bJAYPEE _aINDIA _c2007 |
||
| 300 | _a1-1382 | ||
| 650 | _aREHABILITATION | ||
| 942 |
_2ddc _cBK _07 |
||
| 999 |
_c1503 _d1503 |
||